[Event "10. Lichtenberger Sommer"]
[Site "Berlin"]
[Date "2011.08.21"]
[Round "9.100"]
[White "Moeller, Dirk"]
[Black "Schröder, Gert"]
[Result "1-0"]
[WhiteElo "1683"]
[BlackElo "1386"]
[PlyCount "59"]
[EventDate "2011.??.??"]
[WhiteTeam "SC Kreuzberg e.V."]
[BlackTeam "SV Königsjäger Süd-West e.V."]

1. e4 d6 2. d4 c5 3. Bb5+ Nd7 4. Nc3 a6 5. Be2 g6 6. f4 Bg7 7. Nf3 cxd4 8. Nxd4
b5 9. Bf3 Bxd4 10. Qxd4 f6 11. O-O Qb6 12. Qxb6 Nxb6 13. e5 Rb8 14. exd6 Bb7
15. Re1 Bxf3 16. gxf3 Nh6 17. Rxe7+ Kf8 18. Ne4 Nf5 19. Re6 Nd4 20. Rxf6+ Kg7
21. Be3 Nxc2 22. Rc1 Nxe3 23. Rc7+ Kh6 24. Ng5 Nbd5 25. Re6 Nxc7 26. dxc7 Rbf8
27. Rxe3 Rxf4 28. Ne6 Rc4 29. f4 Re8 30. Rh3# 1-0

[Event "10. Lichtenberger Sommer"]
[Site "Berlin"]
[Date "2011.08.21"]
[Round "9.101"]
[White "Petersen, Marcel"]
[Black "Winz, Michael"]
[Result "0-1"]
[WhiteElo "1271"]
[BlackElo "1684"]
[PlyCount "68"]
[EventDate "2011.??.??"]
[WhiteTeam "SG Grün-Weiß Baumschulenweg e.V."]
[BlackTeam "SC Friesen Lichtenberg e.V."]

1. e4 e5 2. Nf3 Nc6 3. Bc4 Nf6 4. d3 Be7 5. c3 O-O 6. Be3 h6 7. b4 d6 8. Qb3
Bg4 9. Nh4 Bh5 10. Nf5 Ng4 11. Nd2 Nxe3 12. Nxe3 Bg5 13. Ndf1 Qf6 14. Nd5 Qd8
15. h3 Ne7 16. Nfe3 Nxd5 17. exd5 Bxe3 18. fxe3 Qg5 19. Kf2 a6 20. Qc2 b5 21.
Bb3 f5 22. g3 f4 23. exf4 exf4 24. g4 Qh4+ 25. Kg1 Bg6 26. Rd1 Rae8 27. Qf2 Qf6
28. c4 f3 29. Rd2 Qf4 30. Rd1 Re2 31. Qh4 Qe3+ 32. Kf1 f2 33. Kg2 Qf3+ 34. Kf1
Rfe8 0-1

[Event "10. Lichtenberger Sommer"]
[Site "Berlin"]
[Date "2011.08.21"]
[Round "9.102"]
[White "Herzsprung, Johanna"]
[Black "Stiefel, Marika"]
[Result "0-1"]
[WhiteElo "1148"]
[BlackElo "1772"]
[PlyCount "102"]
[EventDate "2011.??.??"]
[WhiteTeam "BSC Rehberge 1945 e.V."]
[BlackTeam "SSV Vimaria 91 Weimar"]

1. e4 c5 2. Nf3 a6 3. a3 b5 4. Nc3 Bb7 5. d3 e6 6. Be2 Nc6 7. O-O Be7 8. h3 Nf6
9. Bf4 Nd4 10. Nxd4 cxd4 11. Nb1 d5 12. e5 Nd7 13. Re1 O-O 14. Nd2 Qc7 15. Nf3
Bc5 16. Qd2 Rfc8 17. Rec1 Nf8 18. c3 dxc3 19. Rxc3 Qb6 20. d4 Be7 21. Rac1 b4
22. Rxc8 Rxc8 23. Rxc8 Bxc8 24. a4 a5 25. b3 Ng6 26. Be3 Qc7 27. Bg5 f6 28.
exf6 gxf6 29. Bh6 Qc3 30. Qxc3 bxc3 31. Bd3 Bd6 32. Kf1 Nf4 33. Bc2 Ba6+ 34.
Kg1 Ne2+ 35. Kh1 e5 36. Be3 e4 37. Ng1 Nxg1 38. Kxg1 Bd3 39. Bxd3 exd3 40. Kf1
Kf7 41. Ke1 Ke6 42. g4 f5 43. f4 fxg4 44. hxg4 Kf6 45. f5 Bb4 46. Kd1 Be7 47.
Bf4 h5 48. gxh5 Kxf5 49. Be3 Bg5 50. h6 Bxe3 51. h7 Bxd4 0-1

[Event "10. Lichtenberger Sommer"]
[Site "Berlin"]
[Date "2011.08.21"]
[Round "9.103"]
[White "Mildenberger, Hans"]
[Black "Kitzler, Gerhard"]
[Result "1-0"]
[WhiteElo "1633"]
[BlackElo "1588"]
[PlyCount "63"]
[EventDate "2011.??.??"]
[WhiteTeam "SG BVG Helmholtz 55 (FV Schach)"]
[BlackTeam "vereinslos"]

1. e4 e6 2. d4 d5 3. Nd2 c5 4. c3 c4 5. e5 Ne7 6. Ngf3 Ng6 7. Be2 Be7 8. O-O
O-O 9. b3 b5 10. Re1 Nc6 11. Nf1 f6 12. exf6 Bxf6 13. Ba3 Be7 14. Bxe7 Qxe7 15.
Ng3 Bd7 16. Qd2 h6 17. Bd1 Qf6 18. Bc2 Rad8 19. Nh5 Qf7 20. Ng3 Nge7 21. bxc4
bxc4 22. Rab1 Rb8 23. Rxb8 Rxb8 24. Bb1 g5 25. Qc2 Rf8 26. Nh5 Nf5 27. g4 Nce7
28. Ne5 Qe8 29. Nxd7 Qxd7 30. gxf5 Nxf5 31. Qe2 Kf7 32. Qe5 1-0

[Event "10. Lichtenberger Sommer"]
[Site "Berlin"]
[Date "2011.08.21"]
[Round "9.104"]
[White "Sandbrand, Alexandru"]
[Black "Hubbe, Bernd"]
[Result "0-1"]
[WhiteElo "1360"]
[BlackElo "1353"]
[PlyCount "40"]
[EventDate "2011.??.??"]
[WhiteTeam "SK Tempelhof 1931 e.V."]
[BlackTeam "SC Rotation Pankow e.V."]

1. e4 e5 2. Nf3 Nc6 3. Bc4 h6 4. c3 Nf6 5. d4 exd4 6. cxd4 Bb4+ 7. Nc3 Nxe4 8.
O-O O-O 9. Nxe4 d5 10. a3 Be7 11. Bd3 dxe4 12. Bxe4 Bg4 13. d5 Ne5 14. Qd4 Bxf3
15. Re1 Bf6 16. Re3 Ng4 17. Qc3 Bxc3 18. Bxf3 Nxe3 19. Bxe3 Bxb2 20. Rd1 Bxa3
0-1

[Event "10. Lichtenberger Sommer"]
[Site "Berlin"]
[Date "2011.08.21"]
[Round "9.105"]
[White "Lippianowski, Stefan"]
[Black "Paris, Gerhard"]
[Result "0-1"]
[WhiteElo "1261"]
[BlackElo "1628"]
[PlyCount "52"]
[EventDate "2011.??.??"]
[WhiteTeam "Treptower SV 1949 e.V."]
[BlackTeam "TSG Oberschöneweide e.V."]

1. e4 e5 2. Nf3 d6 3. h3 Nc6 4. Bc4 Be7 5. Nc3 Nf6 6. Nd5 O-O 7. c3 Nxe4 8. O-O
Nf6 9. Nxf6+ Bxf6 10. Qc2 g6 11. d3 Na5 12. Bh6 Re8 13. Bd5 c6 14. Be4 d5 15.
b4 dxe4 16. dxe4 Nc4 17. Rad1 Qc7 18. Qb3 Be6 19. Bg5 Bg7 20. Bh4 Ne3 21. c4
Nxf1 22. Kxf1 b5 23. Qe3 Bxc4+ 24. Ke1 a5 25. a3 axb4 26. axb4 Ra2 0-1